Programa para el curso de auxiliar psiquiátrico : octubre - diciembre de 1972 / Clínica Mental de Santa Coloma de Gramanet de la Diputación Provincial de Barcelona octubre - diciembre de 1972 / Clínica Mental de Santa Coloma de Gramanet de la Diputación Provincial de Barcelona
Descripción Física:
[8] p. ; 23 cm
MARC
| LEADER | 00000nam a2200000Ia 4500 | ||
|---|---|---|---|
| 001 | 11417 | ||
| 008 | 160829s9999 xx 000 0 cat d | ||
| 080 | |a FU-12-84 | ||
| 110 | 2 | |a Centres Assistencials Dr. Emili Mira i López |9 52938 | |
| 245 | |a Programa para el curso de auxiliar psiquiátrico : |b octubre - diciembre de 1972 / Clínica Mental de Santa Coloma de Gramanet de la Diputación Provincial de Barcelona | ||
| 260 | |a Barcelona : |b (Imp. C.P. Caridad), DL 1972 | ||
| 300 | |a [8] p. ; |c 23 cm | ||
| 650 | |a Clínica Mental (Santa Coloma de Gramenet) |x Currículums |9 22793 | ||
| 650 | |a Psiquiatria |x Ensenyament |9 21869 | ||
| 710 | 1 | |a Barcelona (Catalunya : Província). |b Diputació |9 52408 | |
| 901 | |a Arxiu | ||
| 942 | |n 1 | ||
| 952 | |0 0 |1 0 |4 0 |6 FU1284 |7 1 |9 42333 |a Arxiu |b Arxiu |d 2016-12-01 |l 0 |o FU-12-84 |p 11417 |r 2016-12-01 00:00:00 |w 2016-12-01 |y ARXIU | ||
| 999 | |c 44811 |d 44811 | ||